=LDR 00000nam 2200000 4500 =001 INLIS000000000032067 =005 20130612134109 =008 ***********************************ind** =035 ##$$0010-061300000032067 =041 ##$$a ind =082 ##$$a 570.7 =090 ##$$a 570.7, Tha p =100 ##$$a Thamrin, Drs =245 ##$$a Pintar Biologi SMA untuk SMA kelas 1,2,dan 3, Drs.Thamrin dan Drs. Abdul Jamal =260 ##$$a 2005 $b Surabaya =300 ##$$a 272 hlm., Ilus., 20 cm =650 ##$$a Biologi =700 ##$$a Jamal, Abdul, Drs =850 ##$$a NBPNMAT